La educación de adultos en américa latina ante el proximo siglo

Uloženo v:
Podrobná bibliografie
Korporativní autor: UNESCO (Autor)
Médium: Kniha
Jazyk:španělština
Vydáno: Santiago Unesco 1994
Témata:
Tagy: Přidat tag
Žádné tagy, Buďte první, kdo vytvoří štítek k tomuto záznamu!

MARC

LEADER 00000nam a2200000 a 4500
001 UCP2392
003 CL-VaPUC
005 20231123085449.0
008 990514e19940000cl 1 spa d
082 0 4 |a 374  |b UNE  |2 21 
110 2 |a UNESCO  |e author  |9 619462 
245 1 3 |a La educación de adultos en américa latina ante el proximo siglo 
260 |a Santiago  |b Unesco  |c 1994 
300 |a 270 p 
583 |a last modification  |c 20190821 11:10:08  |k Rodrigo Vera 
650 0 0 |a Educación de adultos  |9 307580 
650 0 0 |a Educación rural   |9 308104 
650 0 0 |a Educación básica   |9 224933 
650 0 0 |a Analfabetismo  |9 324360 
942 |c BK 
945 |a rbrito  |d 19990514 00:00:00 
546 |a En Español 
536 |a UNESCO 
536 |a UNICEF 
518 |p Educación de Adultos: Prioridades de Acción Estratégica para la Ultima Década del Siglo, 1, Bogotá, 22 al 27 de mayo de 1992 
999 |c 383410  |d 383408 
952 |0 0  |1 0  |4 0  |6 374_000000000000000_UNE_1994  |7 0  |8 A  |9 505514  |a BIBEDU  |b BIBEDU  |d 2020-01-23  |i 3517322  |o 374 UNE 1994  |p 3517322  |r 2020-01-23  |w 2020-01-23  |y BK  |k BME 
952 |0 0  |1 0  |4 0  |6 374_000000000000000_UNE_1994  |7 0  |8 A  |9 505515  |a BIBEDU  |b BIBEDU  |d 2020-01-23  |i 4636805  |o 374 UNE 1994  |p 4636805  |r 2020-01-23  |w 2020-01-23  |y BK  |k EPE